The young man's guide, through the wilderness of this world, to the heavenly Canaan : Shewing him, how to carry himself Christian-like, in the whole course of his life. By Thomas Gouge, ... Publish'd for the use of families, particularly those in Wales.

Bibliographic Details
Main Author: Gouge, Thomas, 1605-1681
Format: eBook
Language:English
Series:Eighteenth century collections online.
Online Access:Full text online

MARC

Tag First Indicator Second Indicator Subfields
LEADER 00000cam a2200000 4500
001 in00001968310
006 m | d |
007 cr |n||||||||n
008 791208s1734 enk|||| s 00||||eng d
005 20260406223558.8
035 |a (CStRLIN)ESTCT83883 
040 |a Uk-ES  |c Uk-ES  |d CStRLIN  |d Thomson Gale  |d UtOrBLW 
100 1 |a Gouge, Thomas,  |d 1605-1681. 
245 1 4 |a The young man's guide, through the wilderness of this world, to the heavenly Canaan :  |b Shewing him, how to carry himself Christian-like, in the whole course of his life. By Thomas Gouge, ... Publish'd for the use of families, particularly those in Wales. 
264 3 |a London :  |b printed for Mess. Bettsworth and Hitch; R. Ware, J. Clarke, and James Hodges,  |c 1734. 
300 |a 8 unnumbered pages, 160p. ;  |c 12⁰. 
336 |a text  |b txt  |2 rdacontent 
337 |a computer  |b c  |2 rdamedia 
338 |a online resource  |b cr  |2 rdacarrier 
500 |a Reproduction of original from the British Library. 
510 4 |a English Short Title Catalog,  |c ESTCT83883. 
533 |a Electronic reproduction.  |b Farmington Hills, Mich. :  |c Thomson Gale,  |d 2003.  |n Available via the World Wide Web.  |n Access limited by licensing agreements  |7 s2003 miunns 
500 |a Electronic resource. 
830 0 |a Eighteenth century collections online. 
856 4 0 |u http://proxy.library.tamu.edu/login?url=https://galenet.galegroup.com/servlet/ECCO?c=1&stp=Author&ste=11&af=BN&ae=T083883&tiPG=1&dd=0&dc=flc&docNum=CW118890641&vrsn=1.0&srchtp=a&d4=0.33&n=10&SU=0LRF&locID=txshracd2898  |z Full text online  |t 0 
999 |a MARS 
999 f f |s 209c3f76-e412-322d-ac7e-31683b4c940d  |i 2d439902-f3c7-334d-b1f9-015cb27de950  |t 0 
952 f f |a Texas A&M University  |b College Station  |c Electronic Resources  |s www_evans  |d Available Online  |t 0  |h No information provided 
998 f f |t 0  |l Available Online